00776nam a2200193 a 450000100100000000500170001000800410002702000200006810000340008824500740012225000300019626001140022630000170034050000320035771000550038995201080044499900170055204000130056900003934120201002031614.0130621s1983 sp 000 0 spa d a8400054954(v.1)1 aSimón Díaz, José96180410aBibliografía de la literatura hispánica /cJosé Simón Díaz. a3a. ed. corr. y aumentada aMadrid :bConsejo Superior de Investigaciones Científicas :bInstituto de Filosofía "Luis Vives,",c1983. av. ;c26 cm. aLa biblioteca posee el v. 12 aBibliografía de la literatura hispánica965524 001050718MOaPDbPDcCTd2013-06-24iLF1l0ov. 1p39341-10r2020-06-25w2020-06-25y1ZNo se presta c38831d38831 aDO-SdBNP